000 00715nam a2200241Ia 4500
003 GCL
005 20240530094815.0
008 140319s9999 xx 000 0 ara d
020 _a2053709977
040 _aGCL /
_cGCL
082 0 4 _a813.01
_bط/ع ح
100 1 _aعبدالتواب يوسف
245 1 0 _aحياة محمد فى عشرين قصة /
_cعبدالتواب يوسف
250 _aالثانية
260 _aالقاهرة :
_bدار الشروق ،
_c2000
300 _a160 ص ؛
_c24 سم
650 0 4 _aالادب العربى
650 0 4 _aالقصص العربية
650 0 4 _aالادب
650 0 4 _aقصص الاطفال
650 0 4 _aقصص الانبياء
942 _2ddc
_cBK
999 _c1232
_d1232